| 000 -LEADER |
| fixed length control field |
00768nam a2200205Ia 4500 |
| 001 - CONTROL NUMBER |
| control field |
961 |
| 003 - CONTROL NUMBER IDENTIFIER |
| control field |
GE_BSU |
| 005 - DATE AND TIME OF LATEST TRANSACTION |
| control field |
20220920115650.0 |
| 008 - FIXED-LENGTH DATA ELEMENTS--GENERAL INFORMATION |
| fixed length control field |
181216s1991||||rus|||||||||||||| ||ru || |
| 020 ## - INTERNATIONAL STANDARD BOOK NUMBER |
| International Standard Book Number |
5060000125 |
| 040 ## - CATALOGING SOURCE |
| Transcribing agency |
GE_BSU |
| 080 ## - UNIVERSAL DECIMAL CLASSIFICATION NUMBER |
| Universal Decimal Classification number |
94 ,,653 '' |
| 245 ## - TITLE STATEMENT |
| Title |
История средних веков : |
| Remainder of title |
Том 2. Учебники для вузов по. спец. ,,История" / |
| Statement of responsibility, etc. |
Л.М. Брагина, и др.; Под. Ред. З.В. Удальцовой и С.П. Карлова. |
| 264 ## - PRODUCTION, PUBLICATION, DISTRIBUTION, MANUFACTURE, AND COPYRIGHT NOTICE |
| Place of production, publication, distribution, manufacture |
Москва : |
| Name of producer, publisher, distributor, manufacturer |
Высшая школа, |
| Date of production, publication, distribution, manufacture, or copyright notice |
1991. |
| 300 ## - PHYSICAL DESCRIPTION |
| Extent |
400 с. |
| 653 ## - INDEX TERM--UNCONTROLLED |
| keyword |
История средних веков |
| 653 ## - INDEX TERM--UNCONTROLLED |
| keyword |
ისტორია |
| 700 ## - ADDED ENTRY--PERSONAL NAME |
| Personal name |
Брагина, Л.М. |
| Relator term |
ავტორი |
| 9 (RLIN) |
14639 |
| 942 ## - ADDED ENTRY ELEMENTS (KOHA) |
| Koha item type |
წიგნი |
| Source of classification or shelving scheme |
|